000 00644nam a2200241Ia 4500
001 22295
005 20240114000634.0
007 ta
008 060316s1927 a g b000 u 465 u
040 _aCotton College,Assam
041 _a465
082 _a821.91
_bG 633 A
100 _aGoodwin, Gwendoline .
245 0 _aAnthology of Modern Indian Poetry /
_cGwendoline Goodwin.
_hTextual Documents
250 _a1st ed. /
260 _aLondon :
_bJohn Murray ,
_c1927.
300 _a124p. :
_bill ;
_c17cm .
653 _aEnglish poetry
653 _aG-English
942 _2ddc
_cBK
999 _c22277
_d22277